| 000 | 00596nam a2200181 a 4500 | ||
|---|---|---|---|
| 001 | 000656249 | ||
| 003 | AM-YeHGA | ||
| 005 | 20250617141419.0 | ||
| 008 | 090507s1963 ||| r 000 0 rus d | ||
| 040 | _aAM-YeHGA | ||
| 041 | 1 |
_arus _hukr |
|
| 100 | 1 | _aБажан, Микола | |
| 245 | 1 | 0 |
_aИтальянские встречи : _bСтихи : Перевод с украинского / _cМикола Бажан. |
| 260 |
_aМосква : _bСов. писатель, _c1963. |
||
| 300 |
_a42 с. : _bпортр. |
||
| 653 | 0 | _aУкраинская литература | |
| 090 | _c239737 | ||
| 999 |
_c238166 _d238166 |
||